[Event "Europa ch Femenino 2013"]
[Site "Belgrado SER"]
[Date "2013.07.29"]
[Round "7.2"]
[White "Cmilyte, Viktorija"]
[Black "Lomineishvili, Maia"]
[Result "1/2-1/2"]
[WhiteElo "2497"]
[BlackElo "2351"]
[PlyCount "107"]
[EventDate "2013.07.23"]
[EventType "swiss"]
[EventRounds "11"]
[EventCountry "SER"]
[Source "lmi"]
[SourceDate "2013.07.22"]

1. d4 Nf6 2. c4 e6 3. Nf3 Bb4+ 4. Nbd2 O-O 5. a3 Be7 6. e4 d5 7. e5 Nfd7 8. Qc2
c5 9. Bd3 g6 10. O-O Nc6 11. Re1 Nxd4 12. Nxd4 cxd4 13. cxd5 exd5 14. Nb3 Re8
15. e6 Bf6 16. exf7+ Kxf7 17. Rxe8 Qxe8 18. Bd2 Ne5 19. Re1 Qa4 20. Bb4 Bd7 21.
Nxd4 Qxc2 22. Bxc2 Nc6 23. Nxc6 Bxc6 24. Bc3 d4 25. Bd2 Bd5 26. Bd3 Rc8 27. Rc1
Rxc1+ 28. Bxc1 a6 29. f4 b5 30. Kf2 Be6 31. Bd2 Bf5 32. Bxf5 gxf5 33. b3 Ke6
34. Ke2 Kd5 35. Kd3 Bd8 36. h3 h5 37. b4 Bh4 38. Bc1 Be1 39. Bb2 Bc3 40. Bxc3
dxc3 41. g3 c2 42. Kxc2 Ke4 43. Kc3 Kf3 44. Kd4 Kxg3 45. Ke5 h4 46. Kxf5 Kxh3
47. Ke6 Kg4 48. f5 h3 49. f6 h2 50. f7 h1=Q 51. f8=Q Qe4+ 52. Kd6 Qd3+ 53. Kc6
Qxa3 54. Kb6 1/2-1/2

[Event "Europa ch Femenino 2013"]
[Site "Belgrado SER"]
[Date "2013.07.29"]
[Round "7.3"]
[White "Purtseladze, Maka"]
[Black "Pogonina, Natalija"]
[Result "0-1"]
[WhiteElo "2349"]
[BlackElo "2478"]
[PlyCount "140"]
[EventDate "2013.07.23"]
[EventType "swiss"]
[EventRounds "11"]
[EventCountry "SER"]
[Source "lmi"]
[SourceDate "2013.07.22"]

1. d4 Nf6 2. Bg5 e6 3. Nd2 h6 4. Bh4 d5 5. e3 Be7 6. Bd3 c5 7. c3 Qb6 8. Qc1
Bd7 9. a4 Nc6 10. Ngf3 O-O 11. O-O Rfe8 12. Qb1 a6 13. Rd1 Rad8 14. Bg3 cxd4
15. exd4 Nh5 16. Be5 Rf8 17. Qa2 a5 18. Qb3 Qxb3 19. Nxb3 Nxe5 20. Nxe5 b6 21.
Nd2 Nf6 22. g3 Ne8 23. Nb1 Nf6 24. f3 Rc8 25. Nxd7 Nxd7 26. Na3 Bd6 27. Nb5 Bb8
28. Re1 g5 29. Kg2 Kg7 30. Rac1 Nf6 31. b3 Rfd8 32. Re2 Ne8 33. Rec2 Nd6 34.
Nxd6 Bxd6 35. Ba6 Rc7 36. Kf2 Be7 37. Ke2 Bf6 38. Kd3 e5 39. Bb5 h5 40. h3 Rd6
41. f4 exf4 42. gxf4 gxf4 43. Rf1 Bg5 44. Re2 Re6 45. Rxe6 fxe6 46. Be8 Kh6 47.
c4 e5 48. dxe5 dxc4+ 49. bxc4 Re7 50. Bc6 Rxe5 51. Be4 Re6 52. Rg1 Be7 53. Rg8
Bc5 54. h4 f3 55. Rh8+ Kg7 56. Rh7+ Kf8 57. Rxh5 f2 58. Rf5+ Kg7 59. h5 Re5 60.
Rf4 Rxh5 61. Bg2 Rg5 62. Bf1 Rg3+ 63. Kc2 Ra3 64. Kb2 Rxa4 65. Rf3 Bd4+ 66. Kb3
Ra1 67. Bd3 a4+ 68. Kb4 a3 69. Ka4 a2 70. Ka3 Rd1 0-1

[Event "Europa ch Femenino 2013"]
[Site "Belgrado SER"]
[Date "2013.07.29"]
[Round "7.4"]
[White "Charochkina, Daria"]
[Black "Mkrtchian, Lilit"]
[Result "1/2-1/2"]
[WhiteElo "2326"]
[BlackElo "2454"]
[PlyCount "159"]
[EventDate "2013.07.23"]
[EventType "swiss"]
[EventRounds "11"]
[EventCountry "SER"]
[Source "lmi"]
[SourceDate "2013.07.22"]

1. d4 d5 2. c4 e6 3. Nc3 Be7 4. cxd5 exd5 5. Bf4 c6 6. e3 Bf5 7. g4 Be6 8. h3
Nd7 9. Nf3 g5 10. Bh2 h5 11. gxh5 Rxh5 12. Rg1 Rh8 13. Qb3 Nb6 14. Qc2 Bxh3 15.
Bxh3 Rxh3 16. Nxg5 Bxg5 17. Bf4 Ne7 18. Bxg5 Qd7 19. Ne2 O-O-O 20. Qc5 Re8 21.
O-O-O Kb8 22. Nf4 Rh7 23. Bf6 Nec8 24. Qc2 Rh6 25. Be5+ Ka8 26. Rg7 Nc4 27. Nd3
Qf5 28. Rdg1 N4d6 29. Bf4 Rh7 30. R7g5 Qe4 31. Re5 Rh1 32. Rxh1 Qxh1+ 33. Qd1
Qxd1+ 34. Kxd1 Rxe5 35. Nxe5 a5 36. Kc2 Ka7 37. Nd7 Ka6 38. a4 b6 39. b3 Kb7
40. f3 Kc7 41. Nf6 Kd8 42. Bg5 Kc7 43. Kd3 b5 44. axb5 Nxb5 45. Bf4+ Kb7 46.
Nd7 f5 47. Nc5+ Kb6 48. Bg5 Nbd6 49. Bd8+ Kb5 50. Kc3 Nf7 51. Bh4 Nfd6 52. Kb2
Nf7 53. Ka3 Nb6 54. Ne6 Nc8 55. Bg3 Nfd6 56. Bf4 Ne8 57. Bg3 Ned6 58. Be1 Nf7
59. Bh4 Nfd6 60. Nc5 Nf7 61. Na4 Ka6 62. Bf6 Kb5 63. Nc3+ Ka6 64. Kb2 Ncd6 65.
Kc2 Nb5 66. Na4 Nbd6 67. Bh4 Kb5 68. Nc3+ Ka6 69. Kd3 Nb5 70. Na4 Nbd6 71. Be7
Nc8 72. Bf6 Kb5 73. Kc3 Nb6 74. Nxb6 Kxb6 75. Be7 Kb5 76. Kd3 a4 77. bxa4+ Kxa4
78. Ke2 Kb5 79. Kf2 Nh8 80. Ke2 1/2-1/2

[Event "Europa ch Femenino 2013"]
[Site "Belgrado SER"]
[Date "2013.07.29"]
[Round "7.5"]
[White "Arabidze, Meri"]
[Black "Girya, Olga"]
[Result "1-0"]
[WhiteElo "2320"]
[BlackElo "2437"]
[PlyCount "73"]
[EventDate "2013.07.23"]
[EventType "swiss"]
[EventRounds "11"]
[EventCountry "SER"]
[Source "lmi"]
[SourceDate "2013.07.22"]

1. d4 d5 2. c4 c6 3. Nf3 Nf6 4. Nc3 dxc4 5. a4 Bf5 6. Ne5 Nbd7 7. Nxc4 Qc7 8.
g3 e5 9. dxe5 Nxe5 10. Bf4 Nfd7 11. Bg2 g5 12. Bxe5 Nxe5 13. Qd4 f6 14. O-O-O
Rd8 15. Qe3 Be7 16. Rxd8+ Kxd8 17. Rd1+ Kc8 18. Be4 Bg6 19. Bxg6 hxg6 20. Nxe5
Qxe5 21. Qxa7 Kc7 22. Kb1 Rxh2 23. Qa8 Rxf2 24. Rc1 Bc5 25. b4 Rf1 26. Qa5+ b6
27. Qa7+ Kc8 28. Rxf1 Qxc3 29. Qa6+ Kc7 30. bxc5 Qb3+ 31. Kc1 Qc3+ 32. Kd1 Qa1+
33. Kd2 Qb2+ 34. Ke1 Qc1+ 35. Kf2 Qxc5+ 36. Kg2 Qd5+ 37. Kh2 1-0

[Event "Europa ch Femenino 2013"]
[Site "Belgrado SER"]
[Date "2013.07.29"]
[Round "7.6"]
[White "Socko, Monika"]
[Black "Goryachkina, Aleksandra"]
[Result "1/2-1/2"]
[WhiteElo "2435"]
[BlackElo "2401"]
[PlyCount "66"]
[EventDate "2013.07.23"]
[EventType "swiss"]
[EventRounds "11"]
[EventCountry "SER"]
[Source "lmi"]
[SourceDate "2013.07.22"]

1. c4 c6 2. e4 d5 3. exd5 cxd5 4. cxd5 Nf6 5. Nc3 g6 6. Nf3 Bg7 7. Bc4 O-O 8.
O-O Nbd7 9. d3 Nb6 10. Qb3 Bg4 11. Ne5 Bf5 12. Re1 Rc8 13. Bg5 h6 14. Be3 Nfd7
15. Nxd7 Bxd7 16. Nb5 Bxb5 17. Qxb5 Qd6 18. Rac1 Rfd8 19. a4 Rc7 20. g3 g5 21.
a5 Nc8 22. Ba2 Qd7 23. Qb4 Rxc1 24. Rxc1 a6 25. h4 Bf6 26. hxg5 hxg5 27. Qd2
Qf5 28. d4 Nd6 29. Bb1 Qg4 30. Qd1 Qh3 31. Qf1 Qg4 32. Qd1 Qh3 33. Qf1 Qg4
1/2-1/2

[Event "Europa ch Femenino 2013"]
[Site "Belgrado SER"]
[Date "2013.07.29"]
[Round "7.7"]
[White "Romanko, Marina"]
[Black "Lagno, Kateryna"]
[Result "1/2-1/2"]
[WhiteElo "2368"]
[BlackElo "2542"]
[PlyCount "158"]
[EventDate "2013.07.23"]
[EventType "swiss"]
[EventRounds "11"]
[EventCountry "SER"]
[Source "lmi"]
[SourceDate "2013.07.22"]

1. d4 Nf6 2. c4 g6 3. Nc3 d5 4. Bg5 Ne4 5. Bh4 Nxc3 6. bxc3 dxc4 7. e3 Be6 8.
Rb1 Nd7 9. Nf3 Nb6 10. Qc2 Bg7 11. Be2 O-O 12. O-O Qe8 13. Bg3 c5 14. dxc5 Na4
15. Nd4 Bd5 16. f3 Nxc5 17. e4 Qa4 18. Qxa4 Nxa4 19. Be1 Bc6 20. Bxc4 Rfd8 21.
Nxc6 bxc6 22. Rb3 e6 23. Ra3 Nb2 24. Ba6 Nd1 25. Rb3 Rab8 26. Rxb8 Rxb8 27. Bd2
Nxc3 28. Rc1 Rb6 29. Bc4 Rb4 30. Bd3 Nxa2 31. Rxc6 Rb8 32. Ba6 Nb4 33. Rc8+
Rxc8 34. Bxc8 Nd3 35. Kf1 Be5 36. h3 Bd4 37. Ke2 Nc5 38. Bb4 Na4 39. Kd3 e5 40.
Ba6 h5 41. Bb5 Nb6 42. Ba5 Nc8 43. Bc7 Kg7 44. Bd7 Ne7 45. Bd8 Ng8 46. g4 f6
47. gxh5 gxh5 48. Be8 h4 49. Ba5 Bf2 50. Ke2 Bg3 51. Bb4 f5 52. Bd7 fxe4 53.
fxe4 Nf6 54. Bc6 Nh5 55. Kf3 Nf4 56. Bd7 Nd3 57. Bd2 Nc5 58. Bc8 Nb3 59. Bc3
Kf6 60. Ba6 Nc5 61. Bc4 Ne6 62. Bb4 Ng5+ 63. Kg2 Nxe4 64. Bd5 Ng5 65. Bc5 a5
66. Bb6 a4 67. Bd8+ Kf5 68. Bxg5 Kxg5 69. Kf3 Kf5 70. Be4+ Ke6 71. Bc2 a3 72.
Ke4 Kd6 73. Bb3 Kc5 74. Bg8 Kb4 75. Kd3 e4+ 76. Kxe4 Kc3 77. Kf3 Kb2 78. Kg2 a2
79. Bxa2 Kxa2 1/2-1/2

[Event "Europa ch Femenino 2013"]
[Site "Belgrado SER"]
[Date "2013.07.29"]
[Round "7.8"]
[White "Muzychuk, Mariya"]
[Black "Savina, Anastasia"]
[Result "1-0"]
[WhiteElo "2484"]
[BlackElo "2368"]
[PlyCount "115"]
[EventDate "2013.07.23"]
[EventType "swiss"]
[EventRounds "11"]
[EventCountry "SER"]
[Source "lmi"]
[SourceDate "2013.07.22"]

1. d4 d5 2. c4 e6 3. Nc3 Nf6 4. cxd5 Nxd5 5. e4 Nxc3 6. bxc3 c5 7. a3 cxd4 8.
cxd4 e5 9. Nf3 exd4 10. Qxd4 Be7 11. Bb5+ Nc6 12. Bxc6+ bxc6 13. Qc3 O-O 14.
O-O c5 15. Bb2 f6 16. e5 Kh8 17. Rfe1 Be6 18. exf6 Bxf6 19. Qc2 Bxb2 20. Qxb2
Bd5 21. Rad1 Rxf3 22. Re5 Qf6 23. Rdxd5 Rf5 24. Rxc5 Rd8 25. h3 h6 26. Qe2 Rxe5
27. Rxe5 Qf4 28. Re3 Qa4 29. Kh2 Rf8 30. Qb2 Qf4+ 31. Kg1 Rb8 32. Qc2 Qd4 33.
Rf3 Qe5 34. Qd1 Qe4 35. Qd6 Rb1+ 36. Kh2 Kh7 37. Rf7 Re1 38. Qf6 Qe5+ 39. Qxe5
Rxe5 40. Rxa7 Re2 41. Kg3 Ra2 42. a4 Ra3+ 43. f3 Ra2 44. a5 h5 45. a6 Ra4 46.
h4 Kg6 47. Ra8 Kh7 48. f4 Ra3+ 49. Kf2 Kg6 50. a7 Kh7 51. f5 Ra5 52. Ke3 Ra6
53. Kf4 g6 54. Kg5 gxf5 55. Kxh5 Kg7 56. Kg5 Ra5 57. g3 Kh7 58. Kf6 1-0

[Event "Europa ch Femenino 2013"]
[Site "Belgrado SER"]
[Date "2013.07.29"]
[Round "7.9"]
[White "Kashlinskaya, Alina"]
[Black "Paehtz, Elisabeth"]
[Result "1-0"]
[WhiteElo "2334"]
[BlackElo "2454"]
[PlyCount "72"]
[EventDate "2013.07.23"]
[EventType "swiss"]
[EventRounds "11"]
[EventCountry "SER"]
[Source "lmi"]
[SourceDate "2013.07.22"]

1. d4 e6 2. c4 Nf6 3. Nc3 Bb4 4. e3 O-O 5. Nge2 Re8 6. a3 Bf8 7. g3 d5 8. cxd5
exd5 9. Bg2 c6 10. O-O Na6 11. Qc2 Nc7 12. Bd2 g6 13. Rad1 Bf5 14. Qb3 b5 15.
f3 a5 16. e4 a4 17. Qc2 Be6 18. e5 Nd7 19. Qc1 c5 20. dxc5 Nxe5 21. Be3 Bf5 22.
Nf4 Rc8 23. Kh1 Nc4 24. Ncxd5 Nxd5 25. Rxd5 Qa5 26. Bd4 Bh6 27. Bc3 Qa6 28. Qd1
Bxf4 29. gxf4 Rc6 30. Rd8 Rc8 31. Qd4 f6 32. Rd6 Nxd6 33. Qxf6 Qb7 34. Qh8+ Kf7
35. Qg7+ Ke6 36. Re1+ Kd5 1-0

[Event "Europa ch Femenino 2013"]
[Site "Belgrado SER"]
[Date "2013.07.29"]
[Round "7.10"]
[White "Peptan, Corina-Isabela"]
[Black "Schleining, Zoya"]
[Result "1/2-1/2"]
[WhiteElo "2439"]
[BlackElo "2368"]
[PlyCount "201"]
[EventDate "2013.07.23"]
[EventType "swiss"]
[EventRounds "11"]
[EventCountry "SER"]
[Source "lmi"]
[SourceDate "2013.07.22"]

1. e4 c5 2. Nf3 e6 3. c3 d5 4. exd5 exd5 5. Bb5+ Nc6 6. d4 Bd6 7. dxc5 Bxc5 8.
O-O Nge7 9. Nbd2 O-O 10. Nb3 Bd6 11. Bg5 Bg4 12. Re1 Qc7 13. h3 Bh5 14. Be2 h6
15. Bxe7 Nxe7 16. Nh4 Bxe2 17. Qxe2 Rad8 18. Rad1 Qc8 19. Nd4 Rfe8 20. Qf3 g6
21. Qf6 Bc5 22. Rd3 Bxd4 23. Rxd4 Qc6 24. Qf3 Qd6 25. Red1 Qe5 26. Qd3 Nc6 27.
Rxd5 Rxd5 28. Qxd5 Qxd5 29. Rxd5 Re1+ 30. Kh2 Re2 31. Rb5 b6 32. Kg3 Ne5 33.
Rd5 Kg7 34. b3 Nc6 35. Rd6 Na5 36. Nf3 Rxa2 37. b4 Nc4 38. Rc6 b5 39. Nd4 a6
40. Rc7 Ra3 41. Ne6+ Kf6 42. Nd8 Nd6 43. Kf3 Ra2 44. Rd7 Ke5 45. Nxf7+ Nxf7 46.
Rxf7 Ke6 47. Rc7 h5 48. Rc6+ Kf7 49. h4 Kg7 50. Ke3 Kf7 51. g3 Kg7 52. f3 a5
53. bxa5 Rxa5 54. Rb6 Ra3 55. Kd3 Ra5 56. f4 Kh7 57. Rb7+ Kh6 58. Re7 Ra2 59.
Re2 Ra1 60. Re3 Kg7 61. Kd4 Kf6 62. Kd5 Rb1 63. Re6+ Kf5 64. Re5+ Kf6 65. Kc6
Rb3 66. Rc5 b4 67. cxb4 Rxb4 68. Rc3 Rd4 69. Kc5 Rd1 70. Re3 Kf5 71. Re5+ Kf6
72. Kc4 Ra1 73. Kd4 Rd1+ 74. Kc3 Ra1 75. Kd2 Ra3 76. Rg5 Ra2+ 77. Ke3 Ra3+ 78.
Kf2 Ra2+ 79. Kf3 Ra3+ 80. Kg2 Ra2+ 81. Kh3 Rf2 82. Ra5 Rb2 83. Ra6+ Kf5 84. Ra8
Kf6 85. Ra1 Kf5 86. Rg1 Ra2 87. Rg2 Ra1 88. Re2 Kf6 89. Kg2 Ra3 90. Kf2 Kf5 91.
Re5+ Kf6 92. Re3 Ra2+ 93. Kf3 Kf5 94. Rb3 Ra1 95. Rb5+ Kf6 96. Re5 Ra3+ 97. Re3
Ra1 98. Rd3 Rf1+ 99. Ke4 Re1+ 100. Re3 Ra1 101. Rb3 1/2-1/2

[Event "Europa ch Femenino 2013"]
[Site "Belgrado SER"]
[Date "2013.07.29"]
[Round "7.11"]
[White "Batsiashvili, Nino"]
[Black "Mammadova, Gulnar"]
[Result "0-1"]
[WhiteElo "2405"]
[BlackElo "2322"]
[PlyCount "92"]
[EventDate "2013.07.23"]
[EventType "swiss"]
[EventRounds "11"]
[EventCountry "SER"]
[Source "lmi"]
[SourceDate "2013.07.22"]

1. d4 d5 2. c4 c6 3. Nf3 Nf6 4. Nc3 e6 5. Bg5 h6 6. Bxf6 Qxf6 7. e3 Nd7 8. Bd3
Bb4 9. O-O O-O 10. e4 Bxc3 11. bxc3 dxc4 12. e5 Qe7 13. Bb1 Rd8 14. Nd2 b6 15.
Qc2 f5 16. Nxc4 Ba6 17. Qa4 Nb8 18. Qb3 Kh8 19. Rd1 Bxc4 20. Qxc4 b5 21. Qb3
Na6 22. a4 Nc7 23. Bd3 a6 24. Be2 Rab8 25. axb5 axb5 26. Ra7 Rd7 27. Rda1 c5
28. Bf3 cxd4 29. cxd4 Rxd4 30. Rc1 Rc8 31. Be2 Rd7 32. Qc2 Kh7 33. g3 b4 34.
Bd3 Qd8 35. Be2 Rd2 36. Qc4 b3 37. Qxb3 Rxe2 38. Qb7 Qd4 39. Rf1 Rb2 40. Qxc8
Qxa7 41. h4 Rb3 42. Kh2 Qc5 43. h5 f4 44. gxf4 Qc3 45. Kg1 Qf3 46. Rc1 Rb2 0-1

[Event "Europa ch Femenino 2013"]
[Site "Belgrado SER"]
[Date "2013.07.29"]
[Round "7.1"]
[White "Schut, Lisa"]
[Black "Majdan-Gajewska, Joanna"]
[Result "1-0"]
[WhiteElo "2277"]
[BlackElo "2375"]
[PlyCount "72"]
[EventDate "2013.07.23"]
[EventType "swiss"]
[EventRounds "11"]
[EventCountry "SER"]
[Source "lmi"]
[SourceDate "2013.07.22"]

1. e4 c5 2. Nf3 Nc6 3. d4 cxd4 4. Nxd4 e6 5. Nc3 d6 6. g4 a6 7. Be3 Nge7 8. Nb3
b5 9. Qd2 Ne5 10. O-O-O Nc4 11. Bxc4 bxc4 12. Nd4 Rb8 13. Qe2 Qc7 14. Nf5 exf5
15. exf5 Qb7 16. Rhe1 Qxb2+ 17. Kd2 Qb7 18. Rb1 Qc7 19. Rxb8 Qxb8 20. Bd4 Qb7
21. Qxc4 Bd7 22. Nd5 f6 23. g5 Bxf5 24. gxf6 gxf6 25. Bxf6 Kd7 26. Bxe7 Bh6+
27. f4 Qc6 28. Nf6+ Kc7 29. Bxd6+ Kxd6 30. Qd4+ Kc7 31. Nd5+ Qxd5 32. Qxd5 Rd8
33. Re7+ Kc8 34. Re8 Rxe8 35. Qxf5+ Kb8 36. Qf6 Bf8 1-0

[Event "Europa ch Femenino 2013"]
[Site "Belgrado SER"]
[Date "2013.07.29"]
[Round "7.2"]
[White "Kovanova, Baira"]
[Black "Ziaziulkina, Nastassia"]
[Result "1/2-1/2"]
[WhiteElo "2371"]
[BlackElo "2321"]
[PlyCount "114"]
[EventDate "2013.07.23"]
[EventType "swiss"]
[EventRounds "11"]
[EventCountry "SER"]
[Source "lmi"]
[SourceDate "2013.07.22"]

1. e4 c5 2. Nf3 d6 3. d4 cxd4 4. Nxd4 Nf6 5. Nc3 a6 6. Be2 e6 7. O-O Be7 8. a4
Nc6 9. Be3 O-O 10. f4 Qc7 11. Kh1 Re8 12. Bf3 Rb8 13. Nb3 b6 14. Qe2 Bb7 15.
Rad1 Nd7 16. Qf2 Nc5 17. h3 Ba8 18. Nd4 Nxd4 19. Bxd4 e5 20. Be3 exf4 21. Bxf4
Bf8 22. Rfe1 Rbd8 23. Bg3 Re6 24. Qd4 Ree8 25. Qc4 Qd7 26. Qd4 Be7 27. Bg4 Qc7
28. Qc4 Bf6 29. b4 Ne6 30. Bxe6 Qxc4 31. Bxc4 Bxc3 32. Rf1 Bf6 33. Bxa6 Bxe4
34. Bb5 Re6 35. c4 h5 36. Bf2 d5 37. cxd5 Bxd5 38. Rd3 Be4 39. Rxd8+ Bxd8 40.
Rd1 Be7 41. Rd4 Bf5 42. Bc4 Rc6 43. b5 Rc8 44. Rf4 g6 45. Bxb6 Bg5 46. Rd4 Bf6
47. Rd6 Rxc4 48. Rxf6 Rxa4 49. Rd6 Kf8 50. Bc5 Ke8 51. b6 Be4 52. Rd2 Ra1+ 53.
Kh2 Rb1 54. Kg3 g5 55. h4 Rb3+ 56. Kf2 gxh4 57. Bd4 f5 1/2-1/2

[Event "Europa ch Femenino 2013"]
[Site "Belgrado SER"]
[Date "2013.07.29"]
[Round "7.3"]
[White "Cramling, Pia"]
[Black "Voicu-Jagodzinsky, Carmen"]
[Result "1-0"]
[WhiteElo "2523"]
[BlackElo "2296"]
[PlyCount "121"]
[EventDate "2013.07.23"]
[EventType "swiss"]
[EventRounds "11"]
[EventCountry "SER"]
[Source "lmi"]
[SourceDate "2013.07.22"]

1. Nf3 c5 2. c4 Nc6 3. d4 cxd4 4. Nxd4 e6 5. Nc3 a6 6. g3 Nf6 7. Bg2 Be7 8. O-O
O-O 9. Bf4 Ne8 10. Rc1 f5 11. Na4 Bf6 12. Be3 Rb8 13. c5 Ne5 14. Qb3 Kh8 15.
Rfd1 Nc7 16. Bf4 Qe7 17. Nb6 g5 18. Bxe5 Bxe5 19. Qe3 Bg7 20. f4 e5 21. fxe5 f4
22. Qe4 Qxe5 23. Qxe5 Bxe5 24. Rd3 fxg3 25. hxg3 d6 26. Nf3 Nb5 27. Nxe5 dxe5
28. Rd5 Bg4 29. Rxe5 Nd4 30. Rc4 Rbd8 31. Nd5 Nc6 32. Rxg5 Bxe2 33. Rf4 Rxf4
34. Nxf4 Rd1+ 35. Kf2 Bb5 36. Rd5 Rxd5 37. Bxd5 Kg7 38. b3 Nd8 39. Ne6+ Nxe6
40. Bxe6 Bc6 41. Bf5 h6 42. Ke3 Kf6 43. Kf4 a5 44. Be4 Ke6 45. Bxc6 bxc6 46.
Ke4 Kf6 47. a3 h5 48. Kf4 Kg6 49. Ke5 Kg5 50. b4 axb4 51. axb4 Kg4 52. b5 cxb5
53. c6 Kxg3 54. c7 h4 55. c8=Q h3 56. Qc3+ Kg2 57. Qd2+ Kg1 58. Qe3+ Kg2 59.
Qg5+ Kf2 60. Qh4+ Kg2 61. Qg4+ 1-0

[Event "Europa ch Femenino 2013"]
[Site "Belgrado SER"]
[Date "2013.07.29"]
[Round "7.5"]
[White "Sedina, Elena"]
[Black "Zhukova, Natalia"]
[Result "1/2-1/2"]
[WhiteElo "2313"]
[BlackElo "2471"]
[PlyCount "83"]
[EventDate "2013.07.23"]
[EventType "swiss"]
[EventRounds "11"]
[EventCountry "SER"]
[Source "lmi"]
[SourceDate "2013.07.22"]

1. e4 e5 2. Nf3 Nc6 3. Bc4 Nf6 4. d3 h6 5. O-O d6 6. c3 g6 7. d4 Qe7 8. dxe5
Nxe5 9. Nxe5 dxe5 10. Qe2 Bg7 11. f3 O-O 12. Be3 Be6 13. Nd2 Rfd8 14. Rfd1 Ne8
15. Nb3 Nd6 16. Bxe6 Qxe6 17. Nc5 Qe7 18. Nd3 a5 19. a4 Qe6 20. Nc5 Qe8 21. b3
f5 22. exf5 gxf5 23. b4 Qf7 24. bxa5 Rxa5 25. Qa2 Rda8 26. Qe6 b6 27. Qxf7+
Kxf7 28. Nb3 R5a6 29. Bf2 Bf6 30. Rd5 Rxa4 31. Rxa4 Rxa4 32. Bxb6 Ke6 33. Ra5
Rc4 34. Nc5+ Ke7 35. Bxc7 Rxc3 36. Bxd6+ Kxd6 37. Nb7+ Ke7 38. Rc5 e4 39. Rxc3
Bxc3 40. fxe4 fxe4 41. Kf1 Bb4 42. Ke2 1/2-1/2

[Event "Europa ch Femenino 2013"]
[Site "Belgrado SER"]
[Date "2013.07.29"]
[Round "7.6"]
[White "Molchanova, Tatjana"]
[Black "Javakhishvili, Lela"]
[Result "1/2-1/2"]
[WhiteElo "2296"]
[BlackElo "2465"]
[PlyCount "87"]
[EventDate "2013.07.23"]
[EventType "swiss"]
[EventRounds "11"]
[EventCountry "SER"]
[Source "lmi"]
[SourceDate "2013.07.22"]

1. e4 c5 2. Nf3 e6 3. g3 a6 4. Bg2 b5 5. O-O Bb7 6. Re1 d6 7. c3 Nf6 8. d3 Be7
9. Nbd2 Nc6 10. a4 O-O 11. Nb3 e5 12. Bg5 c4 13. Nbd2 cxd3 14. Qb1 b4 15. c4
Nd7 16. Bxe7 Qxe7 17. Qxd3 Nc5 18. Qc2 g6 19. Nf1 Nd4 20. Nxd4 exd4 21. Nd2 d3
22. Qd1 Qe5 23. Rb1 Bc6 24. b3 Rae8 25. Re3 Qd4 26. Nf3 Qf6 27. Ne1 Bxe4 28.
Bxe4 Nxe4 29. Rf3 Qg7 30. Nxd3 Nc3 31. Qf1 Nxb1 32. Qxb1 f5 33. Nxb4 f4 34. Qd1
fxg3 35. hxg3 a5 36. Nc6 Qb2 37. Nxa5 Rxf3 38. Qxf3 Rf8 39. Qe3 Qb1+ 40. Kg2
Rf5 41. Nc6 Rh5 42. Qe6+ Kg7 43. Qe7+ Kg8 44. Qe8+ 1/2-1/2

[Event "Europa ch Femenino 2013"]
[Site "Belgrado SER"]
[Date "2013.07.29"]
[Round "7.7"]
[White "Galojan, Lilit"]
[Black "Bodnaruk, Anastasia"]
[Result "1/2-1/2"]
[WhiteElo "2320"]
[BlackElo "2440"]
[PlyCount "120"]
[EventDate "2013.07.23"]
[EventType "swiss"]
[EventRounds "11"]
[EventCountry "SER"]
[Source "lmi"]
[SourceDate "2013.07.22"]

1. d4 Nf6 2. Bg5 Ne4 3. Bf4 c5 4. f3 Qa5+ 5. c3 Nf6 6. Nd2 cxd4 7. Nb3 Qd8 8.
cxd4 d5 9. e3 e6 10. Rc1 Nc6 11. Bb5 Bd7 12. Ne2 Bb4+ 13. Kf2 Nh5 14. Nc5 Bxc5
15. Rxc5 Nxf4 16. Nxf4 O-O 17. Qd2 Nb8 18. Bd3 Bc6 19. Rc3 Nd7 20. Rd1 e5 21.
dxe5 Nxe5 22. Be2 Qh4+ 23. Kg1 Rad8 24. Qd4 Qg5 25. Nh3 Qe7 26. Qc5 Qf6 27. Qd4
Qe7 28. Qc5 Qf6 29. Qd4 Qe7 30. b3 a6 31. Nf4 Rd7 32. Qc5 Qf6 33. Qd4 Re8 34.
a4 Qh6 35. Nd3 Ng6 36. Bf1 Qxe3+ 37. Qxe3 Rxe3 38. Rc2 a5 39. Kf2 d4 40. Rc5
Re6 41. Rxa5 b6 42. Rh5 Rd8 43. Rc1 Bb7 44. Rc7 Ba6 45. Rf5 Re3 46. Nf4 Bxf1
47. Nxg6 fxg6 48. Rff7 Ba6 49. Rxg7+ Kf8 50. Rxh7 Kg8 51. Rcg7+ Kf8 52. Rf7+
Kg8 53. Rfg7+ Kf8 54. Rf7+ Kg8 55. Rfg7+ Kf8 56. Ra7 Kg8 57. Rhg7+ Kh8 58. Rh7+
Kg8 59. Rhg7+ Kh8 60. Rh7+ Kg8 1/2-1/2

[Event "Europa ch Femenino 2013"]
[Site "Belgrado SER"]
[Date "2013.07.29"]
[Round "7.8"]
[White "Videnova, Iva"]
[Black "Guramishvili, Sopiko"]
[Result "0-1"]
[WhiteElo "2301"]
[BlackElo "2421"]
[PlyCount "70"]
[EventDate "2013.07.23"]
[EventType "swiss"]
[EventRounds "11"]
[EventCountry "SER"]
[Source "lmi"]
[SourceDate "2013.07.22"]

1. e4 c5 2. Nf3 d6 3. d4 cxd4 4. Nxd4 Nf6 5. Nc3 a6 6. Bg5 Nbd7 7. f4 Qc7 8.
Qf3 b5 9. O-O-O Bb7 10. Bd3 g6 11. Nd5 Nxd5 12. exd5 Bg7 13. Rhe1 Nf6 14. Qe2
O-O 15. Qxe7 Qxe7 16. Rxe7 Bxd5 17. Re2 Nh5 18. Be4 Bxe4 19. Rxe4 d5 20. Re7 h6
21. g4 hxg5 22. gxh5 gxf4 23. hxg6 fxg6 24. Ne6 Rf7 25. Rxf7 Kxf7 26. Nxf4 Bh6
27. Rf1 Rf8 28. Kd1 Kg8 29. Rg1 Rxf4 30. Rxg6+ Bg7 31. Rxa6 Bxb2 32. Ke2 b4 33.
Ra5 d4 34. Ra4 Bc3 35. Kd3 Rf2 0-1

[Event "Europa ch Femenino 2013"]
[Site "Belgrado SER"]
[Date "2013.07.29"]
[Round "7.9"]
[White "Milliet, Sophie"]
[Black "Ozturk, Kubra"]
[Result "1-0"]
[WhiteElo "2396"]
[BlackElo "2293"]
[PlyCount "59"]
[EventDate "2013.07.23"]
[EventType "swiss"]
[EventRounds "11"]
[EventCountry "SER"]
[Source "lmi"]
[SourceDate "2013.07.22"]

1. e4 e5 2. Nf3 Nc6 3. Bb5 a6 4. Ba4 Nge7 5. c3 g6 6. d4 exd4 7. cxd4 b5 8. Bc2
Bg7 9. d5 Na5 10. Bd2 Nc4 11. Bc3 f6 12. Nbd2 Nd6 13. Nb3 Rb8 14. a3 Nb7 15. h4
h5 16. e5 f5 17. d6 Nc6 18. Qd5 cxd6 19. exd6 Bxc3+ 20. bxc3 Qf6 21. O-O-O Kf8
22. Rhe1 a5 23. Nbd4 Nbd8 24. Nxc6 Nxc6 25. Ne5 Nd8 26. Qc5 Ne6 27. Qxc8+ Rxc8
28. Nxd7+ Kf7 29. Nxf6 Kxf6 30. d7 1-0

[Event "Europa ch Femenino 2013"]
[Site "Belgrado SER"]
[Date "2013.07.29"]
[Round "7.10"]
[White "Zawadzka, Jolanta"]
[Black "Franciskovic, Borka"]
[Result "1-0"]
[WhiteElo "2393"]
[BlackElo "2277"]
[PlyCount "101"]
[EventDate "2013.07.23"]
[EventType "swiss"]
[EventRounds "11"]
[EventCountry "SER"]
[Source "lmi"]
[SourceDate "2013.07.22"]

1. e4 c6 2. Nc3 d5 3. Nf3 Bg4 4. h3 Bxf3 5. Qxf3 Nf6 6. d3 e6 7. Bd2 Bb4 8. e5
Nfd7 9. Qg4 Bf8 10. f4 g6 11. O-O-O c5 12. Qf3 Nc6 13. Ne2 Qb6 14. Kb1 O-O-O
15. h4 h5 16. g4 Nd4 17. Qg3 hxg4 18. Qxg4 Be7 19. Ng3 Nf5 20. Nxf5 gxf5 21.
Qg3 Rdg8 22. Qf2 f6 23. exf6 Nxf6 24. Be2 Ng4 25. Qe1 Bf6 26. c3 d4 27. Rc1 Kb8
28. h5 Qd6 29. Qf1 Rh7 30. c4 Ne3 31. Qf3 Rg4 32. Rcg1 Rxg1+ 33. Rxg1 Ng4 34.
Qh3 Nh6 35. Rg6 Qe7 36. Bf3 a6 37. Qg2 b6 38. Bd1 Rg7 39. Qc6 Rxg6 40. hxg6 Qc7
41. Qxe6 Bg7 42. Bf3 Bf8 43. Qd5 Kc8 44. Qa8+ Qb8 45. Qxa6+ Kd8 46. a4 Bd6 47.
a5 bxa5 48. Bxa5+ Ke7 49. Bb6 Kf8 50. Bxc5 Bxc5 51. Qf6+ 1-0

[Event "Europa ch Femenino 2013"]
[Site "Belgrado SER"]
[Date "2013.07.29"]
[Round "7.11"]
[White "Ovod, Evgenija"]
[Black "Chelushkina, Irina"]
[Result "1-0"]
[WhiteElo "2386"]
[BlackElo "2265"]
[PlyCount "57"]
[EventDate "2013.07.23"]
[EventType "swiss"]
[EventRounds "11"]
[EventCountry "SER"]
[Source "lmi"]
[SourceDate "2013.07.22"]

1. d4 Nf6 2. c4 d6 3. Nf3 Nbd7 4. Nc3 e5 5. e4 Be7 6. Be2 O-O 7. O-O c6 8. Be3
a6 9. d5 Ne8 10. b4 c5 11. a3 b6 12. Qd2 Ndf6 13. h3 h6 14. Ne1 Nh7 15. Nd3 Bg5
16. f4 exf4 17. Nxf4 Nef6 18. bxc5 bxc5 19. e5 dxe5 20. Nd3 Nd7 21. Ne4 Bxe3+
22. Qxe3 f5 23. Nexc5 e4 24. Ne6 Qb6 25. c5 Qb3 26. Qd4 Ndf6 27. Nxf8 Kxf8 28.
Nf4 g5 29. Rfb1 1-0